00429nam a2200169Ia 4500003000400000005001700004008004100021020001500062050002400077100002100101245004900122260003200171300003300203440000600236521000800242526000900250OSt20140402135455.0140130s9999 xx 000 0 und d a0439357594 aPR 3011b.C622 2006 aClaybourne, Anna cAnna Claybourne.aThe World Of Shakespeare / bScholastic,c2006.aU.S.A : a64 p. :bcol. ill. ;c23 cm. v1 aG11 c1090